| 000 | 00885cam a22002775a 4500 | ||
|---|---|---|---|
| 006 | a||||f |||| 00| 0 | ||
| 008 | 150817t2005 ad f |||| 00| 0 eng d | ||
| 010 | _a 2004060182 | ||
| 020 | _a0131857576 | ||
| 020 | _a9780131857575 | ||
| 040 |
_aEG-ScBUE _beng _cEG-ScBUE |
||
| 082 | 0 | 4 |
_a005.133 _bDEI _222 |
| 100 | 1 | _aDeitel, Harvey M., | |
| 245 | 1 | 0 |
_aC++ how to program / _cH.M. Deitel, P.J. Deitel. |
| 250 | _a5th ed. | ||
| 260 |
_aNew jersy : _bPearson/Prentice Hall, _cc2005. |
||
| 300 |
_alxiii, 1436 p. : _bcol. ill. ; _c24 cm. + _e1 CD-ROM (4 3/4 in.) |
||
| 490 | 0 | _aHow to program series | |
| 500 | _aindex 1406-1436. | ||
| 504 | _aBibliography 1400-1404. | ||
| 650 | 0 |
_aC++ (Computer program language) _2BUEsh |
|
| 650 | 0 | _aObject-oriented programming (Computer science) | |
| 651 | _2BUEsh | ||
| 700 | 1 | _aDeitel, Paul J. | |
| 942 |
_cBB _k005.133DEI _2ddc |
||
| 999 |
_c482 _d482 |
||